000 00525nam a2200193Ia 4500
003 OSt
005 20200908104525.0
008 190216s9999||||xx |||||||||||||| ||und||
020 _a9788131718070
040 _coclc
082 _a535
_bHEC/O
100 _aHecht, Eugene
_94481
245 0 _aOptics /
_cEugene Hecht ; A R Ganesan
250 _a4th Ed.
260 _bPearson Education Asia,
_c2009.
_aNew Delhi:
300 _a650p
650 _aPhysics
942 _cBK
_2ddc
_h535
_iHEC/O
_k535
_mHEC/O
999 _c34242
_d34242